| 000 | 00333nam a2200133Ia 4500 | ||
|---|---|---|---|
| 999 |
_c10901 _d10901 |
||
| 082 | _aRR 912.1551220945 AT | ||
| 245 | 0 | _aAtlas of isoseismal maps of Italian earthquakes | |
| 260 |
_aBolonga _c1985 |
||
| 300 | _a164 | ||
| 650 |
_aAtlases _zItaly |
||
| 650 |
_aEarthquakes _vMaps _zItaly |
||
| 700 | _aPostpischl, D. | ||
| 942 |
_cBK _2ddc |
||